| 000 | 00639nam a22002297a 4500 | ||
|---|---|---|---|
| 001 | 874 | ||
| 003 | UA-OsUOA | ||
| 005 | 20211017223607.0 | ||
| 007 | ta | ||
| 008 | 20050707b un ||||| |||| 00| 0 ukr d | ||
| 040 |
_aUA-OsUOA _bukr _cUA-OsUOA _dUA-OsUOA |
||
| 041 | _aukr | ||
| 080 | _a82.09(470+571):929 | ||
| 090 |
_a82.09(470+571):929 _bГ93 |
||
| 100 | _aГудзій М. К. | ||
| 245 | _aЛев Толстой | ||
| 260 |
_aК. _bАкадемії наук _c1947 |
||
| 300 | _a66 с. | ||
| 650 | 7 |
_a82.09 Літературна критика. Літературні дослідження _2UDC |
|
| 942 |
_cBK _2udc |
||
| 955 | _a1 | ||
| 999 |
_c286984 _d286984 |
||